000 00242nam a22000857a 4500
008 161124b xxu||||| |||| 00| 0 eng d
100 _91390
_aCBSE
245 _aFashion studies : Library Resource XII
260 _aNew delhih
_bNational Book trust
_c2005
999 _c4106
_d4106